00914nas a2200277Ia 4500001001200000003001000012008004100022040002500063041001300088100001500101210001000116222001000126245002900136250001100165260000900176501012300185300001400308362002200322500005500344650002600399700001100425942000700436957000600443999003300449952015400482dd38-52183 IT-MiCISF161014c99999999xx |||||||||||| ||und|| aIT-MiCISFcIT-MiCISF aITALIANO aPinto Rosa aRocca aRocca 0aLe famiglie pietrificate a1a ed. c2013 bCISF - Centro Internazionale Studi Famiglia - Via Giotto, 36 20145 MILANO (non commercial uses only)cCopyright 2016 app. 38-41 a 1 gennaio [2013] a Tema: salute-mentale, famiglia, sanità€, servizi asalute curavarticolo aAA.VV. cCR 71 a52183bSig1c218352d218352 0010406DD_385218371aCISFbCISFd2016-10-14l0odd38-52183 r2016-10-14 00:00:00w2016-10-14yCRzData import 15.10.2016 / by Epidotti, Vaglietti